E Governence: Concepts and Case Studies (Record no. 3249)

MARC details
000 -LEADER
fixed length control field 00338nam a2200133Ia 4500
008 - FIXED-LENGTH DATA ELEMENTS--GENERAL INFORMATION
fixed length control field 191201s2004 xx 000 0 und d
082 ## - DEWEY DECIMAL CLASSIFICATION NUMBER
Classification number 351.0285
Item number PRE
100 ## - MAIN ENTRY--PERSONAL NAME
Personal name PRABHU, C S R
245 #0 - TITLE STATEMENT
Title E Governence: Concepts and Case Studies
260 ## - PUBLICATION, DISTRIBUTION, ETC. (IMPRINT)
Place of publication, distribution, etc N.Delhi
Name of publisher, distributor, etc Prentice Hall
Date of publication, distribution, etc 2004
300 ## - PHYSICAL DESCRIPTION
Extent 247
650 ## - SUBJECT ADDED ENTRY--TOPICAL TERM
Topical term or geographic name as entry element B.Tech(IT)
942 ## - ADDED ENTRY ELEMENTS (KOHA)
Source of classification or shelving scheme Dewey Decimal Classification
Koha item type Text Books
Holdings
Withdrawn status Lost status Source of classification or shelving scheme Damaged status Not for loan Collection code Home library Current library Date acquired Source of acquisition Cost, normal purchase price Bill Number Total Checkouts Full call number Acc. no. / Barcode Date last seen Date last borrowed Bill Date Koha item type Public note Checked out
    Dewey Decimal Classification     B.Tech(IT) PIET C-LIBRARY PIET C-LIBRARY 26/08/2007 UDH, Delhi 295.00 943 1 352.38 PRE 7997 25/11/2023 22/01/2022 07/09/2007 Text Books .  
    Dewey Decimal Classification     B.Tech(IT) PIET C-LIBRARY PIET C-LIBRARY 26/08/2007 UDH, Delhi 295.00 943   351.0285 PRE 7998 04/12/2019   07/09/2007 Text Books    
    Dewey Decimal Classification     B.Tech(IT) PIET C-LIBRARY PIET C-LIBRARY 26/08/2007 UDH, Delhi 295.00 943 1 351.0285 PRE 7999 29/01/2025 29/01/2025 07/09/2007 Text Books   18/08/2025

Design & Developed by: PIET Central Library
R70 Miles Stone Pattikalyana Samalkha Panipat 132102
mail ID :- [email protected], Phone No:- 0180-2569700 Ex.216